|
|
|
|
| LEADER |
01625nam a2200277 a 4500 |
| 001 |
16209596 |
| 008 |
111031s2010 nju b 001 0 eng |
| 010 |
|
|
|a 2010018382
|
| 020 |
|
|
|a 9780470518540 (pbk.)
|
| 040 |
|
|
|a DLC
|c DLC
|d BD-DhAAL
|
| 082 |
0 |
0 |
|a 658.7/2
|2 22
|
| 100 |
1 |
|
|a Gadde, Lars-Erik,
|d 1945-
|
| 245 |
1 |
0 |
|a Supply network strategies /
|c Lars-Erik Gadde, Hêakan Hêakansson, Gèoran Persson.
|
| 250 |
|
|
|a 2nd ed.
|
| 260 |
|
|
|a Hoboken :
|b Wiley,
|c 2010.
|
| 300 |
|
|
|a vii, 262 p. :
|b ill. ;
|c 25 cm.
|
| 504 |
|
|
|a Includes bibliographical references and index.
|
| 541 |
|
|
|e 00023765
|
| 505 |
0 |
|
|a Purchasing faces new challenges -- The supplier base -- Physical flows in supply networks -- Purchasing and the combining of resources -- Purchasing and the configuring of activities -- Purchasing and the positioning of actors -- Relating : developing relationships with suppliers -- Bounding : setting the border around the buying firm -- Organising : designing internal-external couplings -- Strategising : applying the supply network perspective.
|
| 650 |
|
0 |
|a Industrial procurement.
|
| 700 |
1 |
|
|a HaÌkansson, HaÌkan,
|d 1969-
|
| 700 |
1 |
|
|a Persson, Goran.
|
| 852 |
1 |
|
|a Ayesha Abed Library
|c General shelf.
|
| 999 |
|
|
|c 11363
|d 11363
|
| 952 |
|
|
|0 0
|1 0
|2 ddc
|4 0
|6 658_720000000000000_GAD
|7 0
|9 18499
|a BRACUL
|b BRACUL
|c GEN
|d 2011-10-26
|e karim International
|g 3800.00
|l 2
|m 10
|o 658.72 GAD
|p 3010023765
|r 2018-04-01
|s 2018-03-28
|t 1
|w 2011-11-01
|y BK
|
| 952 |
|
|
|0 0
|1 0
|2 ddc
|4 0
|6 658_720000000000000_GAD
|7 0
|9 18500
|a BRACUL
|b BRACUL
|c GEN
|d 2011-10-26
|e karim International
|g 3800.00
|l 0
|o 658.72 GAD
|p 3010023766
|r 2011-11-01
|t 2
|w 2011-11-01
|y BK
|